Canção da América - Statistics

Estatísticas Gerais
  • Esse quiz foi jogado 8 vezes
  • A pontuação média é 93 de 124
Estatísticas das Respostas
% Correto
a
100%
A
100%
Amigo
100%
amigo
100%
coisa
100%
de
100%
Dentro
100%
do
100%
é
100%
E
100%
e
100%
guardar
100%
no
100%
No
100%
o
100%
O
100%
peito
100%
pra
100%
que
100%
se
100%
Assim
83%
chaves
83%
coração
83%
esquerdo
83%
lado
83%
na
83%
sete
83%
te
83%
América
67%
canção
67%
Com
67%
Debaixo
67%
distância
67%
eu
67%
falava
67%
Mas
67%
Mesmo
67%
Não
67%
ouvi
67%
partir
67%
quem
67%
seu
67%
tempo
67%
ver
67%
Ao
50%
cantava
50%
chorou
50%
dia
50%
encontrar
50%
esquecendo
50%
ficou
50%
gente
50%
importa
50%
lembrança
50%
outro
50%
pensamento
50%
Qualquer
50%
seja
50%
vai
50%
Venha
50%
venha
50%
vier
50%
volto
50%
voou
50%
canto
33%
ouvir
33%
vem
33%
voz
33%
cantou
17%
digam
17%
lembrou
17%
Pois
17%
Nenhum quiz correspondente encontrado
Distribuição das Pontuações
Porcentagem de Pessoas com Cada Pontuação
Percentil de Números Respondidos
Sua Pontuação Histórica
Você não jogou esse quiz